000 00748nam a2200181 4500
001 122370
003 ES-MaACL
005 20230906191950.0
007 t|
008 070214s1963 sp r ||||1| spa d
100 1 _aPrieto Pérez, César.
_993939
245 1 0 _aSeguros sociales, régimen de puntos y financiación de estancias de menores
_b: ponencia presentada a la Asamblea de la Unión de Tribunales de Menores, celebrada en Bilbao.
260 _aSalamanca :
_b[s. n.],
_c1963 (
_fTip. Núñez)
300 _a38 p. ;
_c20 cm.
710 2 _aTribunal Tutelar de Menores (Salamanca)
_96987
711 2 _aAsamblea de la Unión Nacional de Tribunales Tutelares de Menores (
_n19ª.
_d1963? (
_dBilbao)
_912
852 _aES-MaACL
_j2032-F-12
_bR.52876
999 _c122370
_d122370